| 000 | 00481nam a2200157 4500 | ||
|---|---|---|---|
| 001 | 122619 | ||
| 003 | ES-MaACL | ||
| 007 | t| | ||
| 008 | 070214s1969 mx r ||||1| spa d | ||
| 100 | 1 |
_aPuig, Jaime H. _994229 |
|
| 245 | 1 | 0 |
_aCuaderno de trabajo de elementos de Física _b: para las escuelas de segunda enseñanza / _cJaime H. Puig. |
| 250 | _a1ª. ed. | ||
| 260 |
_aMéxico : _bHerrero, _c1969. |
||
| 300 |
_a189 p. : _bil. ; _c27 cm. |
||
| 852 |
_aES-MaACL _jE-9084 _bR.93507 |
||
| 999 |
_c122619 _d122619 |
||